| 000 | 00362cam a2200145ua 4500 | ||
|---|---|---|---|
| 041 |
_aeng _h |
||
| 082 |
_a941 _bTHO/HI |
||
| 100 | _aThorn, John . | ||
| 245 |
_aHistory of England / _cJohn thorn. _hTextual Documents |
||
| 260 |
_aLondon : _bThe English Language book society , _c1961. |
||
| 300 | _a600 ; . | ||
| 504 | _a | ||
| 942 | _cBK | ||
| 999 |
_c6295 _d6295 |
||